[Event "RUS Cup Final Men 2019"]
[Site "Khanty-Mansiysk"]
[Date "2019.12.05"]
[Round "1.1"]
[White "Sjugirov, Sanan"]
[Black "Moiseenko, Vadim"]
[Result "1/2-1/2"]
[WhiteElo "2665"]
[BlackElo "2526"]
[Annotator "TA"]
[PlyCount "248"]
[EventDate "2019.12.05"]
[EventType "k.o."]
[EventCountry "RUS"]
[SourceTitle "playchess.com"]
[Source "ChessBase"]
[SourceQuality "1"]

{[%evp 12,248,33,34,39,30,35,-14,-18,-6,0,-7,8,-6,-15,-20,-25,-32,-17,-29,-19,-50,-47,-41,-52,-41,-29,-31,-27,-33,-31,-34,-27,-30,-26,-28,-22,-20,-20,-20,-20,-26,-20,-72,-72,-81,-84,-77,-8,-8,-8,-161,-161,-334,-327,-311,-12,-99,-99,-99,-99,-99,-99,-99,-99,-123,-123,-168,-99,-156,-148,-155,-140,-174,-175,-175,-175,-177,-161,-610,-180,-179,-160,-168,-103,-110,-110,-110,-110,-117,-117,-129,-107,-110,-109,-110,-110,-110,-109,-110,-110,-110,-110,-110,-110,-109,-106,-106,-106,-109,-102,-108,-100,-101,-102,-105,-108,-104,-102,-109,-110,-110,-116,-116,-100,-100,-62,-62,-55,-55,-55,-55,-55,-55,-47,-55,-62,-62,-54,-62,-62,-62,-62,-62,-31,-35,-13,-34,-27,-29,-8,-8,-8,-8,-8,-8,-8,-32,-8,-12,-8,-8,-8,-8,-8,-8,-7,-7,-7,-7,-7,-8,-7,-8,-7,-8,-8,-8,-8,-8,-8,-8,-8,-8,-8,-8,-8,-8,-8,-8,-8,-8,-8,-8,-8,-8,-8,-8,-8,-8,-8,-8,-8,-8,-8,-8,-8,-8,-8,-8,-7,-8,-8,-8,-8,-8,-8,-8,-8,-8,-8,-8,-8,-8,-8,-8,-8,-8,-8,-8,-8,-8,-8,-8,-8,-8,-8,-8,-8]} 1. d4 Nf6 2. c4 g6 3. Nc3 Bg7 4. e4 d6 5. f3 O-O 6. Nge2 Nbd7 7. Be3 a6 {E81: King's Indian: Sämisch: 6th move deviations (including 6 Be3 c6)} 8. Qd2 b5 9. cxb5 axb5 10. Nxb5 c6 11. Nbc3 e5 12. Ng3 (12. Rd1 Re8 13. Ng3 d5 14. Be2 h5 15. O-O {½-½ (50) Ding,L (2805)-Grischuk,A (2775) Stavanger 2019}) 12... d5 13. dxe5 Nxe5 14. Rd1 $146 ({Predecessor:} 14. Be2 h5 15. O-O {0-1 (25) Mortensen,R (2018)-Ziska,H (2552) Torshavn 2018}) 14... h5 15. exd5 Nxd5 16. Nxd5 cxd5 17. Qxd5 Qxd5 18. Rxd5 Rxa2 19. Be2 $1 h4 20. Ne4 Rxb2 21. Kf2 f5 22. Nc5 {[#]} Ng4+ $1 {[%mdl 512]} 23. fxg4 fxg4+ 24. Ke1 Re8 25. Kf2 Bh6 $36 {[%mdl 2048] Black has the initiative.} 26. Rd3 Rc2 {...g3+! is the strong threat.} 27. Rhd1 {[#]} (27. Re1 $1 $11 Bxe3+ 28. Rxe3 Rf8+ 29. Kg1 Rxc5 30. Re4) 27... g3+ $1 $17 {[%mdl 512]} 28. hxg3 Bg4 $1 29. Re1 hxg3+ (29... Bxe3+ $1 $17 30. Rxe3 hxg3+ {[%mdl 64] Overworked Piece} 31. Rxg3 Bxe2) 30. Kxg3 $11 Bxe3 31. Kxg4 $2 (31. Nd7 $11 Bxe2 32. Nf6+ {[%mdl 64] Double Attack} Kf8 33. Nxe8 Bf2+ 34. Kxf2 Bxd3+ 35. Ke3) 31... Bxc5 $19 32. Rd5 $2 {[#]} (32. Bd1 Rc4+ 33. Kg5 Rxe1 34. Bb3) 32... Rc3 $1 ({Weaker is} 32... Bb4 33. Bd3 $11) 33. Kg5 Bf2 $2 (33... Re6 $19 34. Rd7 Be3+ 35. Kg4 Bf2) 34. Rb1 (34. Rh1 $11) 34... Rxe2 $17 35. Kxg6 {Rd8+ would kill now.} Rc6+ 36. Kf5 Bh4 37. g3 Be7 38. Kg4 Re3 39. Kf4 Rce6 (39... Ra3 $19 40. Rb7 Rc4+ 41. Ke5 Re3+ 42. Kf5 Rf3+ 43. Ke5 Bf6+ 44. Kd6 Rc2) 40. Rb6 (40. Rbd1 $142) 40... R6e4+ ({Much worse is} 40... Rxb6 $6 41. Kxe3 Kf7 42. Rd3 $11) 41. Kf5 Rc4 42. Rg6+ Kf7 43. Rg4 Rc6 {aiming for ...Rf6+.} 44. Kf4 Rb3 45. Rd4 $2 (45. Rf5+ Bf6 46. Ra5) 45... Re6 $2 (45... Ra6 {Strongly threatening ...Rc3.} 46. Ke4 Ra5) 46. Kf5 $19 {intending Rg7+!} Rb5+ 47. Kf4 Bc5 (47... Rf6+ $19 48. Ke4 Rc6 49. Rf4+ Kg6) 48. Rd7+ Kf6 49. Kf3 Bd6 {White must now prevent ...Rb3+.} 50. Rh7 Rb3+ 51. Kg2 Ree3 {[%cal Rd6g3]} 52. Rhg7 Be5 53. R4g6+ Kf5 54. Rg5+ Ke6 55. R5g6+ Bf6 {Hoping for ...Rb2+.} 56. Ra7 Kf5 57. Rg8 Rb2+ 58. Kh3 Re1 {[%cal Re1h1]} 59. Ra5+ Be5 {[%cal Re1h1]} 60. Rf8+ Kg5 {[%cal Re1h1]} 61. Rg8+ Kh5 {[%cal Re1h1]} 62. Rh8+ {[#]} Kg6 $1 63. Re8 Rbe2 64. Rg8+ Kf7 65. Rg5 Kf6 66. Rg8 Rh1+ 67. Kg4 Re3 {[%csl Ge5][%cal Re3g3]} 68. Rf8+ {[#]} Kg7 $1 69. Rf3 $1 {[%cal Rf3e3]} Rxf3 70. Kxf3 $15 {[%mdl 4096] Endgame KRB-KR} Kf6 71. Kg4 Rd1 72. Ra3 Rd4+ 73. Kh3 Kf5 74. Rf3+ Ke4 (74... Kg5 {seems wilder.} 75. Ra3 Rd2 76. Ra5 Kf5 77. Rb5 Kf6) 75. Rf8 Bd6 76. Rf7 Rd3 77. Rg7 Kf3 78. Rf7+ Ke2 79. Rg7 Kf2 80. Rf7+ Kg1 81. Rg7 Rf3 82. Rg6 Bb4 83. Rg4 Bd2 84. Rg6 (84. Rd4 $5 {[%cal Rd4d2]} Be1 85. Rg4 $15) 84... Be1 85. Rg8 {The position is equal.} Rf7 86. Rg5 Rh7+ 87. Kg4 Kg2 88. Kf5 Bxg3 89. Ke4 Re7+ 90. Kd5 Kf3 91. Rh5 Ra7 {( -> ...Ra5+)} 92. Rh3 Rd7+ 93. Kc6 Rd3 94. Rh1 $1 Ke4 95. Rc1 Be5 96. Re1+ $1 Kf5 97. Rh1 Ke6 98. Rh6+ Bf6 99. Rh1 Rc3+ 100. Kb5 Kd5 101. Rh5+ Be5 102. Kb4 Rf3 103. Kb5 Rb3+ 104. Ka5 Kd4 105. Ka6 Rb1 106. Rg5 Bd6 107. Rb5 Rh1 108. Rg5 Bc5 109. Kb5 Rb1+ 110. Kc6 Rb6+ 111. Kc7 Re6 112. Rg1 Kd5 113. Rd1+ Bd4 114. Kd7 Re2 115. Rh1 Rg2 116. Rd1 Rg7+ 117. Kd8 Rh7 118. Rd2 Ke5 119. Kc8 Bc5 120. Rd7 Rh8+ 121. Kc7 Bd4 122. Kc6 Rh6+ 123. Kb5 Rd6 124. Rxd6 Kxd6 {Accuracy: White = 68%, Black = 72%.} 1/2-1/2

[Event "RUS Cup Final Men 2019"]
[Site "Khanty-Mansiysk"]
[Date "2019.12.06"]
[Round "1.2"]
[White "Sarana, Alexey"]
[Black "Afanasiev, Nikita"]
[Result "1-0"]
[WhiteElo "2663"]
[BlackElo "2517"]
[Annotator "TA"]
[PlyCount "109"]
[EventDate "2019.12.05"]
[EventType "k.o."]
[EventCountry "RUS"]
[SourceTitle "playchess.com"]
[Source "ChessBase"]
[SourceQuality "1"]

{[%evp 11,109,24,27,18,21,18,17,17,0,13,24,0,24,-4,22,35,39,0,71,44,70,19,11,-9,0,-16,-19,-16,118,-37,0,-18,118,-31,-28,-25,0,-15,50,-25,-7,-39,-39,-77,0,-27,-19,-58,0,0,0,0,24,0,0,0,0,-41,-8,-23,-24,-32,0,0,0,0,87,82,71,0,0,0,0,0,0,0,0,0,0,0,397,0,0,0,29973,29974,29974,29975,29975,29976,29976,29977,29977,29978,29976,29977,29976,29977,29986,29984]} 1. d4 d5 2. c4 dxc4 3. e3 Nf6 4. Bxc4 e6 5. Nf3 c5 6. O-O Nc6 7. Nc3 {D26: Queen's Gambit Accepted: 4 e3 e6 5 Bxc5 c5 sidelines} a6 8. d5 $146 (8. dxc5 Bxc5 9. Qxd8+ Kxd8 10. Bd2 Ke7 11. Rac1 Bd7 12. Bd3 Bd6 13. Na4 Nb4 14. Bxb4 Bxb4 15. Nb6 Rab8 16. Ne5 Bd6 17. Nexd7 Nxd7 18. Nxd7 Kxd7 {½-½ (25) Vidit,S (2702)-So,W (2765) Kolkata 2018}) 8... Na5 9. b3 {The position is equal.} b5 10. Bd3 $1 Nxd5 11. Nxd5 exd5 12. Bb2 Nc6 13. a4 b4 14. Qc2 {[%mdl 1024] White has compensation.} Ra7 (14... Na5 $11 {remains equal.}) 15. Rad1 Bg4 16. Kh1 (16. Be2 $14) 16... Qc8 $11 17. Rd2 Be7 18. Ne5 Nxe5 19. Bxe5 Qe6 (19... Kf8 $11) 20. Bg3 $2 (20. Bxg7 $16 Rg8 21. f3) 20... Qc8 21. Be5 Qe6 (21... c4 $11 22. bxc4 dxc4 23. Bxc4 O-O) 22. Bb8 ({White must play} 22. Bxg7 $16 Rg8 23. f3 Bxf3 24. Rxf3 Rxg7 25. Bf5) 22... Ra8 23. Bg3 Qc8 24. Be5 {[#]} Qe6 (24... c4 $1 $11 {[%mdl 512]} 25. bxc4 dxc4 26. Qxc4 (26. Bxc4 O-O $11) 26... Qxc4 27. Bxc4 O-O) 25. Bb2 (25. Bxg7 $14 Rg8 26. f3) 25... Qh6 26. Bf5 (26. Be4 $5) 26... Bxf5 27. Qxf5 Qe6 ({Black should play} 27... c4 $17 28. Rxd5 (28. Qxd5 $2 Rd8 $19) 28... c3 29. Qd7+ Kf8) 28. Qf3 O-O {Threatening ...c4.} 29. Rxd5 Rad8 ({Better is} 29... Rac8 $15) 30. e4 Rxd5 31. exd5 $40 {[%mdl 128] Black needs to defend precisely.} Qh6 32. Qd3 Rd8 33. Re1 Bf8 34. Bc1 Qh5 35. Rd1 $1 Bd6 {[%csl Gd6][%cal Rh5h2]} 36. h3 Be5 37. Re1 Bc3 38. Re7 g6 (38... Qg6 $11 {keeps the balance.} 39. Re4 Bd4) 39. d6 $16 Bf6 40. g4 (40. Re4 $16 {aiming for d7.} Bd4 41. Bf4) 40... Qh4 $11 41. Re2 h5 42. g5 Bxg5 43. Bxg5 Qxg5 {[%mdl 4096] Endgame KQR-KQR} 44. d7 Qf6 $2 {[%mdl 8192]} (44... Kg7 $11 {and Black has nothing to worry.}) 45. Re8+ $18 Kg7 $1 {Threatens to win with ...Qc6+.} 46. Rxd8 $2 (46. Qd5 $18 {Rxd8 is the strong threat.} Rxd7 47. Qxd7) 46... Qxd8 {KQ-KQ} 47. Qd5 {And now Qe5+ would win.} c4 $2 {[%mdl 8192] [#]} (47... f6 $11) 48. Qe5+ $1 {White mates.} Kf8 {[#]} 49. Qc5+ $1 {[%mdl 64] Double Attack} Kg7 {[#]} 50. Qc8 $1 {[%mdl 512]} Qe7 51. d8=Q {[%csl Gc8][%cal Rd8h8]} Qe4+ {[#]} 52. Kg1 $1 {[%csl Gc8][%cal Rd8h8]} Qe1+ {[#]} 53. Kg2 $1 {[%csl Gc8][%cal Rd8h8]} Qe4+ {[#]} 54. Kg3 $1 {[%csl Gc8][%cal Rd8h8]} Qe5+ {[#]} 55. Kf3 $1 {Accuracy: White = 45%, Black = 45%.} 1-0

[Event "RUS Cup Final Men 2019"]
[Site "Khanty-Mansiysk"]
[Date "2019.12.06"]
[Round "1.2"]
[White "Ponkratov, Pavel"]
[Black "Pogosyan, Stefan"]
[Result "1/2-1/2"]
[WhiteElo "2632"]
[BlackElo "2459"]
[Annotator "TA"]
[PlyCount "167"]
[EventDate "2019.12.05"]
[EventType "k.o."]
[EventCountry "RUS"]
[SourceTitle "playchess.com"]
[Source "ChessBase"]
[SourceQuality "1"]

{[%evp 9,167,16,1,10,18,12,-2,2,85,77,75,75,81,78,78,73,120,76,83,64,75,66,106,97,94,105,113,98,106,122,114,105,98,110,122,118,108,75,151,152,149,100,97,58,77,1,0,0,0,0,0,0,0,0,0,0,0,0,0,6,3,3,6,8,6,0,8,8,8,8,8,0,0,0,0,0,8,0,75,75,75,73,155,155,155,155,155,155,155,155,155,148,148,148,148,148,148,148,148,148,148,148,148,148,148,132,148,148,148,49,132,132,132,106,106,98,155,155,155,155,155,155,155,148,197,197,197,197,197,155,155,155,162,140,140,0,16,16,21,8,8,8,14,8,77,15,16,8,16,8,8,8,8,8,8,8,8,8,8,8]} 1. d4 Nf6 2. c4 e6 3. Nf3 b6 4. g3 Ba6 5. Qc2 c5 6. d5 {E15: Queen's Indian: 4 g3 sidelines, 4 g3 Ba6 and 4 g3 Bb7 early deviations} exd5 7. cxd5 Bb7 8. Bg2 Be7 (8... Nxd5 $11 {remains equal.} 9. O-O Nc6) (8... Nxd5 9. O-O Be7 10. Rd1 Nc6 11. a3 Nc7 12. Bf4 Ne6 13. e3 O-O 14. Nc3 Nxf4 15. exf4 {1-0 (31) Matlakov,M (2692)-Fier,A (2551) Sharjah 2019}) 9. e4 d6 10. O-O O-O 11. Nc3 Nbd7 12. a4 $146 ({Predecessor:} 12. h3 Re8 13. b3 Bf8 14. Re1 a6 {½-½ (55) Schlecht,D (2378)-Kotter,R (2376) Germany 2018}) 12... Re8 13. Bf4 Bf8 14. Rad1 g6 15. h3 Qc7 16. Nd2 Ba6 17. Rfe1 Ne5 18. Nb5 Bxb5 19. axb5 a6 20. Bf1 {And now Bg5 would win.} c4 21. bxa6 b5 22. Ra1 Nfd7 23. Re3 Ra7 (23... Nc5 $142) 24. Rea3 $16 Nc5 25. Be3 Rea8 26. f4 (26. b3 {seems wilder.} b4 27. Ra5 c3 28. f4 Ned7 29. Nf3) 26... Ned7 {[#]} 27. Bxc4 ({Better is} 27. Nxc4 $1 $16 bxc4 28. Qxc4 (28. Bxc4 Rb8 $11)) 27... bxc4 $11 28. Qxc4 Rxa6 $1 29. Rxa6 Nxa6 30. Qc6 Qxc6 31. dxc6 Ndb8 $1 {[%cal Rb8c6]} 32. b4 $1 {[%cal Rb4b5]} Nxc6 33. b5 $1 {[%csl LRa6,LRc6][%mdl 64] Double Attack} Ncb4 34. Ra4 {[%mdl 64] Pin} d5 35. bxa6 Rxa6 36. Rxa6 Nxa6 {[%mdl 4096] Endgame KBN-KBN} 37. e5 f6 38. exf6 Kf7 39. Nf3 Kxf6 40. Bd4+ Kf5 41. Be5 Be7 42. Kf2 g5 (42... Bc5+ {is interesting.} 43. Ke2 h5 44. Bc3 Nc7 45. Kd3 Bf2) 43. g4+ Kg6 (43... Ke4 $11) 44. f5+ $16 ({Much worse is} 44. Nxg5 Bxg5 45. fxg5 Nc5 $11) 44... Kf7 45. Ke3 Nc5 (45... Bc5+ $142 46. Bd4 Be7) 46. Kd4 Ne4 47. Kxd5 Nf2 {[#]} 48. Ng1 $1 Bf6 49. Bg3 Nd1 50. Nf3 Nc3+ 51. Kc4 Ne4 52. Be1 {Hoping for Kd5.} Bb2 53. Kd3 Nc5+ 54. Ke3 h6 55. Bb4 Nd7 56. Bd6 Nf6 57. Kd3 Nd7 58. Kc4 Nf6 59. Bb4 (59. Bc5 $16) 59... Ne4 ({Black should try} 59... h5 $1 $14) 60. Be1 Ke7 61. Kd3 Nc5+ 62. Kc2 Ba3 (62... Bg7 $142 63. Kd2 Kd6) 63. Bc3 {Strongly threatening Bg7.} Kf8 64. Nd2 Nd7 65. Ne4 Kf7 66. Bd4 Nb8 67. Kb3 Nc6 68. Bc3 Bc1 69. Kc4 Bf4 70. Kc5 Ne7 71. Bf6 Ng8 72. Bc3 (72. Bd4 $16) 72... h5 73. gxh5 Nh6 74. f6 {Black must now prevent Kd5.} Ke6 $1 75. Kc4 {Threatens to win with Nf2.} Be5 76. Bd2 {h4 is the strong threat.} ({Don't play} 76. Nxg5+ $6 Kxf6 77. Bd2 Kf5 $16) 76... Ng8 (76... Bf4 $11) 77. Nxg5+ (77. f7 $16 Kxf7 78. Nxg5+ Kf6 79. Nf3) 77... Kxf6 $11 {The position is equal.} 78. Kd5 {aiming for Ke4.} Kf5 79. Kc6 (79. Nh7 {feels hotter.} Ne7+ 80. Kc5 Bf4 81. Bc3 Ng8 82. Kc4) 79... Bf4 80. Bxf4 Kxf4 81. Nf7 Kg3 82. Kd6 Kxh3 83. h6 Nxh6 $1 84. Nxh6 {Accuracy: White = 56%, Black = 55%.} 1/2-1/2

[Event "RUS Cup Final Men 2019"]
[Site "Khanty-Mansiysk"]
[Date "2019.12.06"]
[Round "1.2"]
[White "Chigaev, Maksim"]
[Black "Iljiushenok, Ilia"]
[Result "1/2-1/2"]
[WhiteElo "2631"]
[BlackElo "2521"]
[Annotator "TA"]
[PlyCount "64"]
[EventDate "2019.12.05"]
[EventType "k.o."]
[EventCountry "RUS"]
[SourceTitle "playchess.com"]
[Source "ChessBase"]
[SourceQuality "1"]

{[%evp 9,64,14,28,23,20,8,20,0,0,0,18,0,0,0,0,0,0,0,28,26,26,26,30,30,67,76,95,74,85,0,21,15,30,-17,-4,-36,59,62,67,69,95,104,100,0,0,0,0,0,0,0,0,0,0,0,0,0,0]} 1. e4 c5 2. Nf3 d6 3. d4 cxd4 4. Qxd4 Nf6 5. Be2 Nc6 6. Qe3 {B53: Sicilian: 2...d6: Lines with Qxd4} g6 7. O-O Bg7 8. h3 O-O 9. Rd1 Nd7 10. Nc3 a6 11. a4 Nb4 $146 ({Predecessor:} 11... b6 12. Qf4 e5 {½-½ (22) Blomqvist,E (2488)-Sasikiran,K (2678) Astana 2019}) 12. Qd2 b6 13. Nd5 $36 {[%mdl 2048] White is more active.} Nc6 14. c3 Bb7 15. Qc2 e6 16. Ne3 Qe7 17. Nc4 d5 18. exd5 exd5 19. Ne3 ({White should try} 19. Rxd5 $16 Nce5 20. Bg5) 19... Nf6 20. Qb3 ({Not} 20. Nxd5 $2 Nxd5 21. Rxd5 Nb4 $19) 20... Qc7 21. Bd2 Rfe8 22. Rac1 Rad8 (22... Na5 $15 23. Qa2 Rad8) 23. c4 $1 $14 {[%cal Rc4d5]} d4 24. Nd5 Nxd5 25. cxd5 Rxe2 {[#]} 26. dxc6 (26. Qc4 $1 $16) 26... Bxc6 $11 {And now ...Qd7 would win.The position is equal.} 27. Qc4 Re6 28. Ng5 Rf6 {[#]} 29. Ne4 $1 {[%cal Re4f6][%mdl 512]} Re6 (29... Bxe4 30. Qxc7) 30. Ng5 Rf6 {[#] aiming for ...h6.} 31. Ne4 $1 {[%cal Re4f6][%mdl 512]} Re6 {...b5 is the strong threat.} (31... Bxe4 32. Qxc7) 32. Ng5 Rf6 {Accuracy: White = 64%, Black = 61%.} 1/2-1/2

[Event "RUS Cup Final Men 2019"]
[Site "Khanty-Mansiysk"]
[Date "2019.12.06"]
[Round "1.2"]
[White "Pridorozhni, Aleksei"]
[Black "Volkov, Sergey"]
[Result "1/2-1/2"]
[WhiteElo "2602"]
[BlackElo "2578"]
[Annotator "TA"]
[PlyCount "45"]
[EventDate "2019.12.05"]
[EventType "k.o."]
[EventCountry "RUS"]
[SourceTitle "playchess.com"]
[Source "ChessBase"]
[SourceQuality "1"]

{[%evp 31,45,20,9,15,26,23,20,14,32,14,16,0,23,0,33,0]} 1. e4 e6 2. d4 d5 3. Nd2 Nf6 4. e5 Nfd7 5. Bd3 c5 6. c3 Nc6 7. Ne2 cxd4 8. cxd4 f6 9. exf6 Nxf6 10. O-O Bd6 11. Nf3 O-O 12. Bf4 Bxf4 13. Nxf4 Ne4 14. Qc1 Ng5 15. Nxg5 Qxg5 16. Ne2 Qf6 17. Qd2 {C06: French Tarrasch: 3...Nf6 4 e5 Nfd7 5 Bd3 main lines} Bd7 {[#]} 18. Bb5 $146 ({Predecessor:} 18. Rac1) 18... Rac8 19. Rac1 {The position is equal.} Nb8 {[#] And now ...Rxc1 would win.} 20. Bd3 Nc6 21. Bb5 Nb8 {White must now prevent ...Rxc1.} 22. Bd3 Nc6 23. Bb5 1/2-1/2

[Event "RUS Cup Final Men 2019"]
[Site "Khanty-Mansiysk"]
[Date "2019.12.06"]
[Round "1.2"]
[White "Goganov, Aleksey"]
[Black "Bocharov, Ivan"]
[Result "1-0"]
[WhiteElo "2581"]
[BlackElo "2563"]
[Annotator "TA"]
[PlyCount "101"]
[EventDate "2019.12.05"]
[EventType "k.o."]
[EventCountry "RUS"]
[SourceTitle "playchess.com"]
[Source "ChessBase"]
[SourceQuality "1"]

{[%evp 23,101,25,33,27,43,40,51,44,43,48,30,6,30,0,0,0,0,0,0,0,82,75,204,213,245,242,244,237,220,231,244,228,241,216,308,256,309,217,302,300,368,314,391,395,423,418,585,556,570,536,591,489,588,579,654,659,631,617,1281,1242,2758,2100,1875,1543,1599,4133,5070,4783,5097,3977,5113,5113,5098,5120,5106,5106,5106,5091,5065,5065]} 1. Nf3 Nf6 2. c4 b6 3. g3 Bb7 4. Bg2 c5 5. O-O g6 6. Nc3 Bg7 7. d4 cxd4 8. Qxd4 d6 9. Rd1 Nbd7 10. b3 Rc8 11. Bb2 O-O 12. Rac1 {[%cal Ba1c1,Bc1c3,Bc3d3,Bd3d4][%mdl 32]} a6 13. Ne1 $146 {A30: Symmetrical English: Double Fianchetto and Hedgehog} (13. Qd2 Rc7 14. Ne1 Qa8 15. Bxb7 Qxb7 16. Ng2 b5 17. Ne3 Re8 18. Ncd5 Rc5 19. Bd4 Rcc8 20. Bxf6 Nxf6 21. Nxf6+ Bxf6 22. cxb5 axb5 23. Rxc8 Rxc8 {½-½ (45) Stern,R (2521)-Wojtaszek,R (2746) Germany 2017}) 13... Ne4 14. Qe3 Bxc3 15. Rxc3 {White is slightly better.} Ndf6 $1 {[%cal Rf6g4] aiming for ...Ng4.} 16. Bxe4 $1 Nxe4 17. Rcd3 f6 18. Rd4 Ng5 19. f3 b5 20. cxb5 axb5 21. R4d2 d5 (21... Ra8 $11 {keeps the balance.}) 22. Nd3 $16 e5 {[#]} (22... Qc7 $16) 23. Nxe5 $1 $18 {[%mdl 512]} Re8 (23... fxe5 24. Qxe5) 24. Qa7 {Threatens to win with Ng4.} fxe5 25. Qxb7 {[%mdl 64] Double Attack} d4 26. Qxb5 h5 27. h4 Nf7 28. Qd3 Qd6 (28... Qb6 $142 29. Kh2 Kh7) 29. Kg2 Nh6 30. e4 Rc7 31. Rc1 Rec8 32. Rdc2 Rxc2+ 33. Rxc2 Rxc2+ 34. Qxc2 d3 35. Qd2 {White is clearly winning.} Nf7 36. Bc3 Nd8 37. b4 Ne6 38. a4 g5 39. hxg5 h4 40. Qa2 hxg3 {Black hopes to continue with ...Kf8.} 41. Qd5 Qxd5 42. exd5 {[%mdl 4096] Endgame KB-KN} Nf4+ 43. Kxg3 ({Avoid the trap} 43. Kf1 $2 g2+ 44. Kf2 Ne2 $19) 43... Ne2+ 44. Kf2 Nxc3 {[#]} 45. Ke3 $1 Nxd5+ 46. Kxd3 Nxb4+ {[#] KN-K3P} 47. Kc4 $1 {[%cal Rc4b4]} Nc2 48. a5 {[%cal Ba4a5,Ba5a6][%mdl 32]} Nd4 49. a6 Nc6 50. Kc5 Na7 51. Kd5 {Accuracy: White = 91%, Black = 31%.} 1-0

[Event "RUS Cup Final Men 2019"]
[Site "Khanty-Mansiysk"]
[Date "2019.12.06"]
[Round "1.2"]
[White "Savchenko, Boris"]
[Black "Kryakvin, Dmitry"]
[Result "0-1"]
[WhiteElo "2577"]
[BlackElo "2596"]
[Annotator "RC"]
[PlyCount "114"]
[EventDate "2019.12.05"]
[EventType "k.o."]
[EventCountry "RUS"]
[SourceTitle "playchess.com"]
[Source "ChessBase"]
[SourceQuality "1"]
[TimeControl "5400+30"]

1. Nf3 {[%emt 0:03:42]} Nf6 {[%emt 0:00:32]} 2. c4 {[%emt 0:02:14]} e6 {[%emt 0:02:28]} 3. Nc3 {[%emt 0:01:38]} d5 {[%emt 0:01:35]} 4. d4 {[%emt 0:00:55]} Bb4 {[%emt 0:02:59]} 5. Bg5 {[%emt 0:04:45]} h6 {[%emt 0:01:20]} 6. Bxf6 {[%emt 0:03:49]} Qxf6 {[%emt 0:00:10]} 7. Qa4+ {[%emt 0:08:51]} Nc6 {[%emt 0:00:14]} 8. a3 {[%emt 0:09:03]} Bxc3+ {[%emt 0:02:50]} 9. bxc3 {[%emt 0:00:28]} O-O {[%emt 0:02:16]} 10. e3 {[%emt 0:08:01]} a6 {[%emt 0:08:46]} 11. cxd5 {[%emt 0:13:38]} exd5 {[%emt 0:00:05]} 12. Be2 {[%emt 0:00:47]} Qg6 {[%emt 0:10:14]} 13. O-O {[%emt 0:02:01]} Bh3 {[%emt 0:00:19]} 14. Ne1 {[%emt 0:00:08]} Rfd8 {[%emt 0:04:37]} 15. c4 {[%emt 0:03:56]} dxc4 {[%emt 0:09:30]} 16. Qxc4 {[%emt 0:08:03]} Bf5 {[%emt 0:12:16]} 17. Rc1 {[%emt 0:00:37]} Rac8 {[%emt 0:00:40]} 18. Qc5 {[%emt 0:04:18]} Rd6 {[%emt 0:01:37]} 19. f3 {[%emt 0:04:57]} Nxd4 {[%emt 0:03:54]} 20. Bc4 {[%emt 0:04:39]} Nc6 {[%emt 0:03:02]} 21. e4 {[%emt 0:01:33]} Be6 {[%emt 0:00:34]} 22. Nd3 {[%emt 0:06:54]} b6 {[%emt 0:05:48]} 23. Qe3 {[%emt 0:00:16]} Bxc4 {[%emt 0:00:08]} 24. Nf4 {[%emt 0:00:16]} Qg5 {[%emt 0:00:42]} 25. Rxc4 {[%emt 0:00:05]} Rcd8 {[%emt 0:03:02]} 26. h4 {[%emt 0:01:42]} Qxh4 {[%emt 0:02:16]} 27. Rcc1 {[%emt 0:02:30]} Qg5 {[%emt 0:00:37]} 28. Rfe1 {[%emt 0:00:11]} Ne5 {[%emt 0:01:46]} 29. Nd5 {[%emt 0:02:09]} Qxe3+ {[%emt 0:01:19]} 30. Rxe3 {[%emt 0:00:05]} c5 {[%emt 0:00:13]} 31. Rb3 {[%emt 0:00:09]} Nd7 {[%emt 0:00:35]} 32. a4 {[%emt 0:00:27]} Kf8 {[%emt 0:00:36]} 33. Rcb1 {[%emt 0:00:59]} Rb8 {[%emt 0:00:53]} 34. g4 {[%emt 0:01:32]} Rc6 {[%emt 0:00:47]} 35. Kf2 {[%emt 0:00:11]} c4 {[%emt 0:00:58]} 36. R3b2 {[%emt 0:00:45]} Nc5 {[%emt 0:04:58]} 37. Ke3 {[%emt 0:00:05]} Nb3 {[%emt 0:01:40]} 38. Rc2 {[%emt 0:00:09]} Rc5 {[%emt 0:00:31]} 39. a5 {[%emt 0:00:49]} bxa5 {[%emt 0:00:38]} 40. Rbb2 {[%emt 0:00:52]} Ke8 {[%emt 0:01:15]} 41. Ra2 {[%emt 0:00:10]} Kd7 {[%emt 0:01:00]} 42. Ra4 {[%emt 0:00:09]} Kd6 {[%emt 0:00:25]} 43. f4 {[%emt 0:00:14]} f6 {[%emt 0:02:28]} 44. Raa2 {[%emt 0:00:12]} Rxd5 {[%emt 0:02:09]} 45. exd5 {[%emt 0:00:12]} Kxd5 {[%emt 0:00:02]} 46. Ra4 {[%emt 0:00:17]} Re8+ {[%emt 0:01:56]} 47. Kf2 {[%emt 0:00:03]} Re4 {[%emt 0:00:08]} 48. Kg3 {[%emt 0:00:04]} Rd4 {[%emt 0:00:53]} 49. Kf3 {[%emt 0:00:15]} c3 {[%emt 0:01:18]} 50. Ra3 {[%emt 0:00:26]} Kc4 {[%emt 0:00:07]} 51. Ke3 {[%emt 0:00:07]} Rd3+ {[%emt 0:01:35]} 52. Ke4 {[%emt 0:00:04]} Nc5+ {[%emt 0:00:27]} 53. Kf5 {[%emt 0:00:07]} Kb4 {[%emt 0:00:32]} 54. Ra1 {[%emt 0:00:04]} Nb3 {[%emt 0:00:07]} 55. Rg1 {[%emt 0:00:11]} Rd2 {[%emt 0:00:42]} 56. Rxd2 {[%emt 0:00:06]} cxd2 {[%emt 0:00:04]} 57. Kg6 {[%emt 0:00:04]} a4 {[%emt 0:00:09]} 0-1